Computer networking : a top-down approach /

"Welcome to the eighth edition of Computer Networking: A Top-Down Approach. Since the publication of the first edition 16 years ago, our book has been adopted for use at many hundreds of colleges and universities, translated into 14 languages, and used by over one hundred thousand students and...

সম্পূর্ণ বিবরণ

গ্রন্থ-পঞ্জীর বিবরন
প্রধান লেখক: Kurose, James F. (Author), Ross, Keith W., 1956- (Author)
বিন্যাস: গ্রন্থ
ভাষা:English
প্রকাশিত: Noida : Pearson, c2022 [impression 2025].
সংস্করন:Eighth edition.
বিষয়গুলি:
Classic Catalogue: View this record in Classic Catalogue
LEADER 06733nam a22004938i 4500
001 45034
003 BD-DhAAL
005 20251110145911.0
008 251110r20252022ii a b 001 0 eng d
010 |a  2019048428 
020 |a 9789356061316 
020 |a 9780136681557 
040 |a DLC  |b eng  |e rda  |c DLC  |d DLC  |d BD-DhAAL 
050 0 0 |a TK5105.875.I57  |b K88 2017 
082 0 0 |a 004.678  |2 23 
100 1 |a Kurose, James F.,  |e author. 
245 1 0 |a Computer networking :  |b a top-down approach /  |c James F. Kurose, Keith W. Ross. 
246 3 8 |a Computer networking 
250 |a Eighth edition. 
260 |a Noida :  |b Pearson,  |c c2022 [impression 2025]. 
300 |a 794 pages :  |b illustrations ;  |c 24 cm 
500 |a First Impression : 2022, Nineth Impression : 2025, Tenth Impression. 
500 |a Indian subcontinent adaptation. 
504 |a Includes bibliographical references and index. 
520 |a "Welcome to the eighth edition of Computer Networking: A Top-Down Approach. Since the publication of the first edition 16 years ago, our book has been adopted for use at many hundreds of colleges and universities, translated into 14 languages, and used by over one hundred thousand students and practitioners worldwide. We ve heard from many of these readers and have been overwhelmed by the positive response"-- 
526 |a CSE  |x Annajiat Alim Rasel Senior Lecturer Department of Computer Science and Engineering BRAC University Course Name :Computer Networks (CSE 421) ; Computer Networks (EEE 465) ; Computer Networks Laboratory (EEE 466) 
541 |a Book Finder International  |e 45034, 45035, 45036, 45037, 45038, 45039, 45040, 45041, 45042, 45043 
650 0 |a Internet. 
650 0 |a Computer networks. 
650 0 |a Computer science. 
700 1 |a Ross, Keith W.,  |d 1956-  |e author. 
852 |a Ayesha Abed Library  |c General Stacks 
942 |2 ddc  |c BK 
999 |c 47627  |d 47627 
952 |0 0  |1 0  |2 ddc  |4 0  |6 004_678000000000000_KUR  |7 0  |9 78450  |a BRACUL  |b BRACUL  |c GEN  |d 2025-11-04  |e Book Finder International  |g 1329.00  |l 1  |m 17  |o 004.678 KUR  |p 3010045040  |q 2026-06-02  |r 2025-12-27  |s 2025-12-27  |t 7  |v 2658.00  |w 2025-11-04  |y BK  |x Requisitioned by Annajiat Alim Rasel (Senior Lecturer, Department of Computer Science and Engineering, BRAC University) for the course named- 'Computer Networks (CSE 421), Computer Networks (EEE 465), and Computer Networks Laboratory (EEE 466). 
952 |0 0  |1 0  |2 ddc  |4 0  |6 004_678000000000000_KUR  |7 0  |9 78451  |a BRACUL  |b BRACUL  |c GEN  |d 2025-11-04  |e Book Finder International  |g 1329.00  |l 1  |m 8  |o 004.678 KUR  |p 3010045037  |r 2026-05-07  |s 2026-03-08  |t 4  |v 2658.00  |w 2025-11-04  |y BK  |x Requisitioned by Annajiat Alim Rasel (Senior Lecturer, Department of Computer Science and Engineering, BRAC University) for the course named- 'Computer Networks (CSE 421), Computer Networks (EEE 465), and Computer Networks Laboratory (EEE 466). 
952 |0 0  |1 0  |2 ddc  |4 0  |6 004_678000000000000_KUR  |7 0  |9 78452  |a BRACUL  |b BRACUL  |c CIR  |d 2025-11-04  |e Book Finder International  |g 1329.00  |l 0  |o 004.678 KUR  |p 3010045036  |r 2025-11-04  |t 3  |v 2658.00  |w 2025-11-04  |y 1HOUR  |x Requisitioned by Annajiat Alim Rasel (Senior Lecturer, Department of Computer Science and Engineering, BRAC University) for the course named- 'Computer Networks (CSE 421), Computer Networks (EEE 465), and Computer Networks Laboratory (EEE 466) ; As instructed by the University Librarian, the book has been placed on a one hour loan period following the receipt of ten copies. 
952 |0 0  |1 0  |2 ddc  |4 0  |6 004_678000000000000_KUR  |7 0  |9 78453  |a BRACUL  |b BRACUL  |c NEW  |d 2025-11-04  |e Book Finder International  |g 1329.00  |l 0  |o 004.678 KUR  |p 3010045034  |r 2025-11-04  |t 1  |v 2658.00  |w 2025-11-04  |y BK  |x Requisitioned by Annajiat Alim Rasel (Senior Lecturer, Department of Computer Science and Engineering, BRAC University) for the course named- 'Computer Networks (CSE 421), Computer Networks (EEE 465), and Computer Networks Laboratory (EEE 466). 
952 |0 0  |1 0  |2 ddc  |4 0  |6 004_678000000000000_KUR  |7 0  |9 78454  |a BRACUL  |b BRACUL  |c GEN  |d 2025-11-04  |e Book Finder International  |g 1329.00  |l 1  |m 11  |o 004.678 KUR  |p 3010045038  |r 2026-05-16  |s 2026-02-18  |t 5  |v 2658.00  |w 2025-11-04  |y BK  |x Requisitioned by Annajiat Alim Rasel (Senior Lecturer, Department of Computer Science and Engineering, BRAC University) for the course named- 'Computer Networks (CSE 421), Computer Networks (EEE 465), and Computer Networks Laboratory (EEE 466). 
952 |0 0  |1 0  |2 ddc  |4 0  |6 004_678000000000000_KUR  |7 0  |9 78455  |a BRACUL  |b BRACUL  |c GEN  |d 2025-11-04  |e Book Finder International   |g 1329.00  |l 1  |o 004.678 KUR  |p 3010045043  |q 2026-06-02  |r 2026-05-15  |s 2026-05-15  |t 10  |v 2658.00  |w 2025-11-04  |y BK  |x Requisitioned by Annajiat Alim Rasel (Senior Lecturer, Department of Computer Science and Engineering, BRAC University) for the course named- 'Computer Networks (CSE 421), Computer Networks (EEE 465), and Computer Networks Laboratory (EEE 466). 
952 |0 0  |1 0  |2 ddc  |4 0  |6 004_678000000000000_KUR  |7 0  |9 78456  |a BRACUL  |b BRACUL  |c GEN  |d 2025-11-04  |e Book Finder International   |g 1329.00  |l 0  |o 004.678 KUR  |p 3010045042  |r 2025-11-04  |t 9  |v 2658.00  |w 2025-11-04  |y BK  |x Requisitioned by Annajiat Alim Rasel (Senior Lecturer, Department of Computer Science and Engineering, BRAC University) for the course named- 'Computer Networks (CSE 421), Computer Networks (EEE 465), and Computer Networks Laboratory (EEE 466). 
952 |0 0  |1 0  |2 ddc  |4 0  |6 004_678000000000000_KUR  |7 0  |9 78457  |a BRACUL  |b BRACUL  |c GEN  |d 2025-11-04  |e Book Finder International  |g 1329.00  |l 1  |m 13  |o 004.678 KUR  |p 3010045039  |r 2026-05-13  |s 2026-02-03  |t 6  |v 2658.00  |w 2025-11-04  |y BK  |x Requisitioned by Annajiat Alim Rasel (Senior Lecturer, Department of Computer Science and Engineering, BRAC University) for the course named- 'Computer Networks (CSE 421), Computer Networks (EEE 465), and Computer Networks Laboratory (EEE 466). 
952 |0 0  |1 0  |2 ddc  |4 0  |6 004_678000000000000_KUR  |7 0  |9 78458  |a BRACUL  |b BRACUL  |c CIR  |d 2025-11-04  |e Book Finder International  |g 1329.00  |l 0  |o 004.678 KUR  |p 3010045035  |r 2025-11-04  |t 2  |v 2658.00  |w 2025-11-04  |y 1HOUR  |x Requisitioned by Annajiat Alim Rasel (Senior Lecturer, Department of Computer Science and Engineering, BRAC University) for the course named- 'Computer Networks (CSE 421), Computer Networks (EEE 465), and Computer Networks Laboratory (EEE 466) ; As instructed by the University Librarian, the book has been placed on a one hour loan period following the receipt of ten copies. 
952 |0 0  |1 0  |2 ddc  |4 0  |6 004_678000000000000_KUR  |7 0  |9 78459  |a BRACUL  |b BRACUL  |c GEN  |d 2025-11-04  |e Book Finder International   |g 1329.00  |l 0  |o 004.678 KUR  |p 3010045041  |r 2025-11-04  |t 8  |v 2658.00  |w 2025-11-04  |y BK  |x Requisitioned by Annajiat Alim Rasel (Senior Lecturer, Department of Computer Science and Engineering, BRAC University) for the course named- 'Computer Networks (CSE 421), Computer Networks (EEE 465), and Computer Networks Laboratory (EEE 466).